| 000 -LEADER |
| fixed length control field |
00498cam a2200181Ma 4500 |
| 020 ## - INTERNATIONAL STANDARD BOOK NUMBER |
| ISBN |
9780321695291 |
| 020 ## - INTERNATIONAL STANDARD BOOK NUMBER |
| ISBN |
0321695291 |
| 040 ## - CATALOGING SOURCE |
| Transcribing agency |
NLE |
| 082 ## - DEWEY DECIMAL CLASSIFICATION NUMBER |
| Classification number |
542 PEA 2014 A118 Or. |
| 100 1# - MAIN ENTRY--AUTHOR NAME |
| Personal name |
Timberlake, Karen C. |
| 245 10 - TITLE STATEMENT |
| Title |
Laboratory manual for General, organic and biological chemistry / |
| 250 ## - EDITION STATEMENT |
| Edition statement |
Second edition |
| 300 ## - PHYSICAL DESCRIPTION |
| Number of Pages |
xxii, D 1-84, 503 pages : |
| Other physical details |
illustrations ; |
| Dimensions |
28 cm |
| 650 #0 - SUBJECT ADDED ENTRY--TOPICAL TERM |
| Topical Term |
Chemistry |
| 700 1# - ADDED ENTRY--PERSONAL NAME |
| Personal name |
Timberlake, Karen. |
| 700 1# - ADDED ENTRY--PERSONAL NAME |
| Personal name |
Burce, Gary. |
| 942 ## - ADDED ENTRY ELEMENTS (KOHA) |
| Koha item type |
ADB |
| 952 ## - LOCATION AND ITEM INFORMATION (KOHA) |
| Withdrawn status [LOCAL, KOHA] |
0 |
| 952 ## - LOCATION AND ITEM INFORMATION (KOHA) |
| Withdrawn status [LOCAL, KOHA] |
0 |